[Event "GBR-ch108 Senior 65+"]
[Site "Torquay"]
[Date "2022.08.16"]
[Round "2.7"]
[White "Burnett, Jim"]
[Black "Bellers, Chris J"]
[Result "1-0"]
[WhiteElo "2056"]
[BlackElo "1901"]
[PlyCount "61"]
[EventDate "2022.08.15"]
[EventType "swiss"]
[EventRounds "7"]
[EventCountry "GBR"]
[SourceTitle "BritBase"]
[Source "John Saunders"]
[SourceDate "2021.06.05"]
[SourceVersion "1"]
[SourceVersionDate "2021.06.05"]
[SourceQuality "1"]
[WhiteTeam "England"]
[BlackTeam "England"]
[WhiteTeamCountry "ENG"]
[BlackTeamCountry "ENG"]

1. d4 g6 2. g3 Bg7 3. Bg2 c5 4. Nf3 cxd4 5. Nxd4 Nc6 6. Nb3 d6 7. O-O Be6 8.
Nc3 Nf6 9. e4 O-O 10. Nd5 Rc8 11. c3 Bxd5 12. exd5 Ne5 13. Qe2 Nc4 14. Rd1 Re8
15. Nd2 Nxd2 16. Bxd2 e6 17. dxe6 Rxe6 18. Be3 Re7 19. Qd2 Qa5 20. a3 Rd8 21.
Bg5 Qb5 22. Re1 Rde8 23. Rxe7 Rxe7 24. Bf1 Qb6 25. Be3 Qb3 26. Qxd6 Re8 27. Qb4
Qxb4 28. axb4 a6 29. Bg2 Ng4 30. Bc5 Re2 31. Bf3 1-0

[Event "GBR-ch108 Senior 65+"]
[Site "Torquay"]
[Date "2022.08.16"]
[Round "2.8"]
[White "Moore, Gillian A"]
[Black "Hewson, Brian W R"]
[Result "0-1"]
[WhiteElo "1768"]
[BlackElo "2026"]
[PlyCount "80"]
[EventDate "2022.08.15"]
[EventType "swiss"]
[EventRounds "7"]
[EventCountry "GBR"]
[SourceTitle "BritBase"]
[Source "John Saunders"]
[SourceDate "2021.06.05"]
[SourceVersion "1"]
[SourceVersionDate "2021.06.05"]
[SourceQuality "1"]
[WhiteTeam "England"]
[BlackTeam "England"]
[WhiteTeamCountry "ENG"]
[BlackTeamCountry "ENG"]

1. d4 d5 2. Bg5 h6 3. Bh4 c5 4. dxc5 g5 5. Bg3 Bg7 6. c3 Nf6 7. Nd2 Nbd7 8. e3
Nxc5 9. Ngf3 O-O 10. Qc2 Nce4 11. Be5 g4 12. Nd4 Nxd2 13. Bxf6 Bxf6 14. Qxd2 e5
15. Nc2 Be6 16. Bd3 Qb6 17. O-O Bg7 18. Kh1 e4 19. Be2 Qxb2 20. Rab1 Qxc3 21.
Qxc3 Bxc3 22. Rxb7 Rfb8 23. Rfb1 Rxb7 24. Rxb7 a5 25. g3 Rc8 26. Kg2 Be5 27.
Bd1 Rc3 28. Ra7 Rc5 29. Nd4 Bxd4 30. exd4 Rc4 31. Rxa5 Rxd4 32. Bb3 Rd2 33. Kf1
Kg7 34. Ke1 Rb2 35. Ra6 Kf8 36. Ra8+ Ke7 37. Rh8 e3 38. Rxh6 exf2+ 39. Kf1 Bf5
40. Bxd5 Bd3+ 0-1

[Event "GBR-ch108 Senior 65+"]
[Site "Torquay"]
[Date "2022.08.16"]
[Round "2.9"]
[White "Bonafont, Philip R"]
[Black "Thynne, Trefor F"]
[Result "1/2-1/2"]
[WhiteElo "2001"]
[BlackElo "1884"]
[PlyCount "126"]
[EventDate "2022.08.15"]
[EventType "swiss"]
[EventRounds "7"]
[EventCountry "GBR"]
[SourceTitle "BritBase"]
[Source "John Saunders"]
[SourceDate "2021.06.05"]
[SourceVersion "1"]
[SourceVersionDate "2021.06.05"]
[SourceQuality "1"]
[WhiteTeam "England"]
[BlackTeam "England"]
[WhiteTeamCountry "ENG"]
[BlackTeamCountry "ENG"]

1. d4 d5 2. Nf3 Nf6 3. g3 e6 4. Bg2 c6 5. O-O Nbd7 6. c4 Bd6 7. Nfd2 O-O 8. Nc3
dxc4 9. Nxc4 Be7 10. Bf4 Nd5 11. Bd6 N7b6 12. Bxe7 Qxe7 13. Qb3 Nxc4 14. Qxc4
Nxc3 15. Qxc3 Bd7 16. Rfd1 Rfc8 17. b4 Qd6 18. e3 Rc7 19. Rac1 Rac8 20. e4 Be8
21. e5 Qe7 22. Qc5 Qxc5 23. dxc5 Kf8 24. f4 Ke7 25. Kf2 a5 26. a3 axb4 27. axb4
Ra8 28. Ra1 Rcc8 29. Ra5 Rxa5 30. bxa5 Ra8 31. Ra1 Kd7 32. Ke3 Kc7 33. Be4 h6
34. g4 Bd7 35. f5 Be8 36. fxe6 fxe6 37. Kd4 Rd8+ 38. Kc3 Ra8 39. Bd3 Ra7 40.
Bc4 Kd7 41. Kb4 Ke7 42. Rd1 Ra8 43. a6 bxa6 44. Ka5 Bd7 45. Rd6 Rb8 46. Rd2 Rb1
47. Kxa6 Rb4 48. Rc2 Bc8+ 49. Ka5 Rb8 50. Rd2 Bd7 51. Rd3 Rb2 52. h3 Rb1 53.
Re3 Rb8 54. Rb3 Ra8+ 55. Kb4 Ra7 56. Ra3 Rxa3 57. Kxa3 Kd8 58. Kb4 Kc7 59. Ka5
Kb7 60. h4 g5 61. h5 Ka7 62. Bd3 Kb7 63. Bg6 Ka7 1/2-1/2

[Event "GBR-ch108 Senior 65+"]
[Site "Torquay"]
[Date "2022.08.16"]
[Round "2.11"]
[White "Newton, Robert A"]
[Black "Johnson, Richard J"]
[Result "1/2-1/2"]
[WhiteElo "1976"]
[BlackElo "1828"]
[PlyCount "111"]
[EventDate "2022.08.15"]
[EventType "swiss"]
[EventRounds "7"]
[EventCountry "GBR"]
[SourceTitle "BritBase"]
[Source "John Saunders"]
[SourceDate "2021.06.05"]
[SourceVersion "1"]
[SourceVersionDate "2021.06.05"]
[SourceQuality "1"]
[WhiteTeam "England"]
[BlackTeam "England"]
[WhiteTeamCountry "ENG"]
[BlackTeamCountry "ENG"]

1. d4 d6 2. e4 g6 3. c4 Bg7 4. Nc3 Nc6 5. Be3 e5 6. Nge2 exd4 7. Nxd4 Nge7 8.
Be2 O-O 9. O-O f5 10. f3 Nxd4 11. Bxd4 Bxd4+ 12. Qxd4 Nc6 13. Qd5+ Kh8 14. Rad1
Qf6 15. Qd2 Qg7 16. f4 Be6 17. exf5 Bxf5 18. Nd5 Rae8 19. Bf3 Be4 20. b4 Bxf3
21. gxf3 Nd8 22. Rfe1 Ne6 23. Re4 c6 24. Qe3 cxd5 25. Rxe6 d4 26. Qe4 Rxe6 27.
Qxe6 Rxf4 28. Qxd6 Rxf3 29. Qd8+ Rf8 30. Qxd4 Qxd4+ 31. Rxd4 Rf7 32. c5 a6 33.
a4 Kg7 34. Rd6 Kf8 35. Rb6 Rc7 36. Kf2 Ke7 37. Ke3 Kd8 38. Kd4 Kc8 39. Rf6 Rd7+
40. Kc3 Kc7 41. h4 Re7 42. Kd4 Rd7+ 43. Kc4 Re7 44. Rf4 Kd7 45. b5 axb5+ 46.
axb5 h6 47. Kd5 Rg7 48. Rb4 g5 49. c6+ bxc6+ 50. bxc6+ Kc8 51. Ra4 Kb8 52. hxg5
hxg5 53. Rg4 Kc7 54. Kc5 Rg6 55. Kb5 Rxc6 56. Rxg5 1/2-1/2

[Event "GBR-ch108 Senior 65+"]
[Site "Torquay"]
[Date "2022.08.16"]
[Round "2.12"]
[White "Milnes, Anthony C P"]
[Black "Dennis, Nigel W"]
[Result "0-1"]
[WhiteElo "1957"]
[BlackElo "1814"]
[PlyCount "94"]
[EventDate "2022.08.15"]
[EventType "swiss"]
[EventRounds "7"]
[EventCountry "GBR"]
[SourceTitle "BritBase"]
[Source "John Saunders"]
[SourceDate "2021.06.05"]
[SourceVersion "1"]
[SourceVersionDate "2021.06.05"]
[SourceQuality "1"]
[WhiteTeam "England"]
[BlackTeam "England"]
[WhiteTeamCountry "ENG"]
[BlackTeamCountry "ENG"]

1. f4 c5 2. Nf3 d5 3. e3 Nc6 4. Bb5 e6 5. O-O Bd6 6. b3 Nge7 7. Bb2 O-O 8. Ne5
Qc7 9. Bxc6 Nxc6 10. Nxc6 bxc6 11. d3 e5 12. f5 e4 13. h3 exd3 14. cxd3 Be5 15.
d4 cxd4 16. exd4 Bh2+ 17. Kh1 Bg3 18. Nc3 Re8 19. Qf3 Ba6 20. Rfc1 Qf4 21. Rg1
Qxf3 22. gxf3 Bf2 23. Rg4 Bd3 24. Nd1 Re2 25. f6 g6 26. Rg2 Re1+ 27. Kh2 Bh4
28. Nf2 Rxa1 29. Bxa1 Bf1 30. Ng4 Bxg2 31. Kxg2 Re8 32. Bc3 h5 33. Nh6+ Kh7 34.
Nxf7 Bxf6 35. Ne5 c5 36. Nd7 Bg7 37. Nxc5 Re2+ 38. Kf1 Rc2 39. Na4 Rxa2 40. Bb2
Bf8 41. Ke1 Ba3 42. Bc3 Rh2 43. Nc5 Rxh3 44. Ke2 h4 45. Nd3 Rh2+ 46. Ke3 h3 47.
Nf4 Bc1+ 0-1

[Event "GBR-ch108 Senior 65+"]
[Site "Torquay"]
[Date "2022.08.16"]
[Round "2.14"]
[White "Hutchinson, Paul A"]
[Black "Costello, Colin A"]
[Result "1/2-1/2"]
[WhiteElo "2083"]
[BlackElo "1866"]
[PlyCount "56"]
[EventDate "2022.08.15"]
[EventType "swiss"]
[EventRounds "7"]
[EventCountry "GBR"]
[SourceTitle "BritBase"]
[Source "John Saunders"]
[SourceDate "2021.06.05"]
[SourceVersion "1"]
[SourceVersionDate "2021.06.05"]
[SourceQuality "1"]
[WhiteTeam "England"]
[BlackTeam "England"]
[WhiteTeamCountry "ENG"]
[BlackTeamCountry "ENG"]

1. d4 d5 2. Bf4 e6 3. e3 Bd6 4. Bg3 Nf6 5. Nd2 O-O 6. Bd3 c5 7. c3 Nc6 8. Ngf3
b6 9. Ne5 Bb7 10. f4 Ne7 11. Qf3 a5 12. Bf2 Ba6 13. Bc2 b5 14. g4 b4 15. g5 Nd7
16. Qh3 Ng6 17. Nxg6 hxg6 18. Bxg6 fxg6 19. Qxe6+ Kh7 20. Qxd6 bxc3 21. bxc3
cxd4 22. cxd4 Qc8 23. Qa3 Nb6 24. Qb3 Rb8 25. Qd1 Nc4 26. O-O Nxd2 27. Qxd2
Bxf1 28. Rxf1 Qf5 1/2-1/2

[Event "GBR-ch108 Senior 65+"]
[Site "Torquay"]
[Date "2022.08.16"]
[Round "2.15"]
[White "Whiteside, Robert"]
[Black "Bray, David"]
[Result "1/2-1/2"]
[WhiteElo "1816"]
[BlackElo "2006"]
[PlyCount "40"]
[EventDate "2022.08.15"]
[EventType "swiss"]
[EventRounds "7"]
[EventCountry "GBR"]
[SourceTitle "BritBase"]
[Source "John Saunders"]
[SourceDate "2021.06.05"]
[SourceVersion "1"]
[SourceVersionDate "2021.06.05"]
[SourceQuality "1"]
[WhiteTeam "England"]
[BlackTeam "England"]
[WhiteTeamCountry "ENG"]
[BlackTeamCountry "ENG"]

1. e4 c5 2. d4 cxd4 3. c3 Nf6 4. e5 Nd5 5. cxd4 Nc6 6. Bc4 Nb6 7. Bb3 e6 8. Nf3
d6 9. O-O dxe5 10. dxe5 Qxd1 11. Rxd1 Na5 12. Be3 Nxb3 13. axb3 Nd5 14. Rxa7
Rxa7 15. Bxa7 Bd7 16. Nc3 Bc6 17. Nd4 Bb4 18. Ne4 Kd7 19. Nc2 Kc7 20. Bc5 Bxc5
1/2-1/2

[Event "GBR-ch108 Senior 65+"]
[Site "Torquay"]
[Date "2022.08.16"]
[Round "2.16"]
[White "Norman, Dinah M"]
[Black "Footner, Andrew F"]
[Result "0-1"]
[WhiteElo "1670"]
[BlackElo "1995"]
[PlyCount "64"]
[EventDate "2022.08.15"]
[EventType "swiss"]
[EventRounds "7"]
[EventCountry "GBR"]
[SourceTitle "BritBase"]
[Source "John Saunders"]
[SourceDate "2021.06.05"]
[SourceVersion "1"]
[SourceVersionDate "2021.06.05"]
[SourceQuality "1"]
[WhiteTeam "England"]
[BlackTeam "England"]
[WhiteTeamCountry "ENG"]
[BlackTeamCountry "ENG"]

1. d4 d5 2. Nf3 Nc6 3. g3 Bg4 4. Bg2 Qd7 5. Nbd2 O-O-O 6. Nb3 Bh3 7. O-O Bxg2
8. Kxg2 e6 9. a4 f6 10. a5 g5 11. c3 h5 12. Ne1 e5 13. dxe5 h4 14. Nd3 hxg3 15.
h4 gxh4 16. fxg3 hxg3 17. Rh1 Nh6 18. Bxh6 Bxh6 19. exf6 d4 20. Nxd4 Nxd4 21.
cxd4 Qd5+ 22. e4 Qxd4 23. Qg4+ Kb8 24. Rad1 Qxf6 25. Qf3 Qc6 26. Nb4 Qb5 27.
Rxd8+ Rxd8 28. Rxh6 Qxb4 29. Rh3 Qd2+ 30. Kxg3 Rg8+ 31. Kh4 Qh6+ 32. Qh5 Qf6+
0-1

[Event "GBR-ch108 Senior 65+"]
[Site "Torquay"]
[Date "2022.08.16"]
[Round "2.18"]
[White "Vickery, Jim E"]
[Black "Ingham, H William"]
[Result "1/2-1/2"]
[WhiteElo "1927"]
[BlackElo "1842"]
[PlyCount "49"]
[EventDate "2022.08.15"]
[EventType "swiss"]
[EventRounds "7"]
[EventCountry "GBR"]
[SourceTitle "BritBase"]
[Source "John Saunders"]
[SourceDate "2021.06.05"]
[SourceVersion "1"]
[SourceVersionDate "2021.06.05"]
[SourceQuality "1"]
[WhiteTeam "England"]
[BlackTeam "England"]
[WhiteTeamCountry "ENG"]
[BlackTeamCountry "ENG"]

1. d4 Nf6 2. Nf3 d6 3. c4 Nbd7 4. Nc3 c6 5. e4 e5 6. Be2 Be7 7. O-O O-O 8. Re1
a6 9. Bf1 Re8 10. Rb1 Bf8 11. b4 Qc7 12. dxe5 dxe5 13. c5 a5 14. a3 axb4 15.
axb4 b6 16. cxb6 Nxb6 17. Bd3 h6 18. Qe2 Bg4 19. h3 Be6 20. Be3 Na4 21. Rec1
Nxc3 22. Rxc3 Ra2 23. Rc2 Rxc2 24. Qxc2 Rb8 25. Bc5 1/2-1/2

[Event "GBR-ch108 Senior 65+"]
[Site "Torquay"]
[Date "2022.08.16"]
[Round "2.19"]
[White "Girdlestone, Paul C"]
[Black "Jackson, Paul G"]
[Result "1-0"]
[WhiteElo "2023"]
[BlackElo "1578"]
[PlyCount "113"]
[EventDate "2022.08.15"]
[EventType "swiss"]
[EventRounds "7"]
[EventCountry "GBR"]
[SourceTitle "BritBase"]
[Source "John Saunders"]
[SourceDate "2021.06.05"]
[SourceVersion "1"]
[SourceVersionDate "2021.06.05"]
[SourceQuality "1"]
[WhiteTeam "England"]
[BlackTeam "England"]
[WhiteTeamCountry "ENG"]
[BlackTeamCountry "ENG"]

1. e4 e6 2. b3 d5 3. Bb2 Nf6 4. e5 Nfd7 5. f4 c5 6. Nf3 Nc6 7. a3 a6 8. Bd3 g6
9. O-O b5 10. Kh1 Nb6 11. Be2 Be7 12. d4 c4 13. Qe1 Bd7 14. Bc1 Qc7 15. Nc3 Rc8
16. Bd2 h5 17. b4 Kf8 18. Bd1 Ra8 19. Ne2 Na4 20. f5 gxf5 21. Bg5 Qd8 22. Bxe7+
Qxe7 23. Nf4 Ke8 24. c3 Kd8 25. h4 Kc7 26. Ng5 Rh6 27. Ra2 f6 28. exf6 Qxf6 29.
Re2 Re8 30. Bxa4 bxa4 31. Nxd5+ exd5 32. Rxe8 Bxe8 33. Qxe8 Rh8 34. Qe3 Qe7 35.
Qg3+ Kb6 36. Re1 Qc7 37. Qf3 Qd7 38. Re2 Re8 39. Qxh5 Rxe2 40. Qxe2 Qd6 41. Qe3
f4 42. Qe6 Qd8 43. Kg1 Qe7 44. Kf2 Qd8 45. Kf3 Qe7 46. Qxe7 Nxe7 47. Kxf4 a5
48. bxa5+ Kxa5 49. h5 Nc6 50. Ne6 Ne7 51. g4 Nc8 52. Ke5 Na7 53. Kxd5 Nb5 54.
h6 Nxa3 55. h7 Nb5 56. h8=Q Nxc3+ 57. Kxc4 1-0

[Event "GBR-ch108 Senior 65+"]
[Site "Torquay"]
[Date "2022.08.16"]
[Round "2.20"]
[White "Smith, Graham"]
[Black "Matthew, Ian G"]
[Result "0-1"]
[WhiteElo "1985"]
[BlackElo "1816"]
[PlyCount "72"]
[EventDate "2022.08.15"]
[EventType "swiss"]
[EventRounds "7"]
[EventCountry "GBR"]
[SourceTitle "BritBase"]
[Source "John Saunders"]
[SourceDate "2021.06.05"]
[SourceVersion "1"]
[SourceVersionDate "2021.06.05"]
[SourceQuality "1"]
[WhiteTeam "England"]
[BlackTeam "England"]
[WhiteTeamCountry "ENG"]
[BlackTeamCountry "ENG"]

1. e4 e5 2. Nf3 Nc6 3. d4 exd4 4. Bc4 Nf6 5. e5 d5 6. Bb5 Ne4 7. Nxd4 Bc5 8.
Be3 Bd7 9. Bxc6 bxc6 10. f3 Ng5 11. f4 Bxd4 12. Qxd4 Ne6 13. Qd2 f5 14. O-O O-O
15. Nc3 Be8 16. Ne2 c5 17. c3 Bc6 18. b4 Qe7 19. bxc5 Nxc5 20. Nd4 Bb7 21. Rab1
Rab8 22. Nb3 Nxb3 23. Rxb3 c5 24. Rfb1 Qc7 25. Rxb7 Rxb7 26. Qxd5+ Rf7 27. Rxb7
Qxb7 28. Qc4 Kh8 29. e6 Qb1+ 30. Kf2 Qc2+ 31. Ke1 Rb7 32. Bd2 Rb1+ 33. Ke2 Qd1+
34. Ke3 Qg1+ 35. Kf3 Rf1+ 36. Ke2 Rf2+ 0-1

[Event "GBR-ch108 Senior 65+"]
[Site "Torquay"]
[Date "2022.08.16"]
[Round "2.22"]
[White "Habershon, Paul F"]
[Black "Blewitt, Stephen"]
[Result "1/2-1/2"]
[WhiteElo "1949"]
[BlackElo "1776"]
[PlyCount "99"]
[EventDate "2022.08.15"]
[EventType "swiss"]
[EventRounds "7"]
[EventCountry "GBR"]
[SourceTitle "BritBase"]
[Source "John Saunders"]
[SourceDate "2021.06.05"]
[SourceVersion "1"]
[SourceVersionDate "2021.06.05"]
[SourceQuality "1"]
[WhiteTeam "England"]
[BlackTeam "England"]
[WhiteTeamCountry "ENG"]
[BlackTeamCountry "ENG"]

1. e4 d5 2. exd5 Nf6 3. c4 e6 4. d4 exd5 5. Nc3 Be7 6. Nf3 c6 7. Be2 O-O 8. O-O
h6 9. h3 Nbd7 10. cxd5 Nxd5 11. Nxd5 cxd5 12. Bf4 Nf6 13. Qb3 Bd6 14. Ne5 Qe7
15. Bf3 Be6 16. Rfe1 Rac8 17. Re2 Rfe8 18. a3 b6 19. Rae1 Bb8 20. Ng6 Qd7 21.
Bxb8 Rxb8 22. Nf4 Rbd8 23. Re5 Kf8 24. Qe3 Bf5 25. Nxd5 Nxd5 26. Rxe8+ Rxe8 27.
Qxe8+ Qxe8 28. Rxe8+ Kxe8 29. Bxd5 Ke7 30. f4 Be6 31. Bf3 Kd6 32. Kf2 a5 33.
Ke3 f5 34. g4 g5 35. b4 gxf4+ 36. Kxf4 fxg4 37. hxg4 axb4 38. axb4 Bd7 39. Be4
Be6 40. Bf5 Bf7 41. Be4 Be6 42. Bf5 Bf7 43. Ke4 Bd5+ 44. Kd3 Ba2 45. Bc8 Kd5
46. Bb7+ Kd6 47. Ke4 Bb1+ 48. Kf4 Bg6 49. Be4 Bf7 50. Bf3 1/2-1/2

[Event "GBR-ch108 Senior 65+"]
[Site "Torquay"]
[Date "2022.08.16"]
[Round "2.24"]
[White "Pride, Stephen C"]
[Black "Fryer, David W"]
[Result "0-1"]
[WhiteElo "1587"]
[BlackElo "1875"]
[PlyCount "76"]
[EventDate "2022.08.15"]
[EventType "swiss"]
[EventRounds "7"]
[EventCountry "GBR"]
[SourceTitle "BritBase"]
[Source "John Saunders"]
[SourceDate "2021.06.05"]
[SourceVersion "1"]
[SourceVersionDate "2021.06.05"]
[SourceQuality "1"]
[WhiteTeam "England"]
[BlackTeam "England"]
[WhiteTeamCountry "ENG"]
[BlackTeamCountry "ENG"]

1. Nc3 d5 2. d4 Nf6 3. Bf4 c6 4. e3 g6 5. h4 Bg7 6. Be2 h6 7. g4 Qa5 8. f3 b5
9. a3 Nbd7 10. Nh3 Bb7 11. Qd2 Qb6 12. b4 a5 13. Kf2 O-O 14. g5 hxg5 15. hxg5
Nh5 16. Bh2 e5 17. dxe5 Nxe5 18. Bxe5 Bxe5 19. Kg2 axb4 20. axb4 Rxa1 21. Rxa1
d4 22. exd4 Qxd4 23. Qxd4 Bxd4 24. Ra3 Bc8 25. Bd3 Kg7 26. Ne2 Be5 27. Ra7 Rh8
28. Nhg1 Nf4+ 29. Nxf4 Bxf4 30. Be4 Rh2+ 31. Kf1 Rh1 32. Ra3 Be6 33. Rc3 Bh3+
34. Kf2 Rh2+ 35. Ke1 Bd2+ 36. Kd1 Bxc3 37. Nxh3 Rxh3 38. Bxc6 Bxb4 0-1

[Event "GBR-ch108 Senior 65+"]
[Site "Torquay"]
[Date "2022.08.16"]
[Round "2.28"]
[White "Williams, Stephen M"]
[Black "Berkley, Stephen W"]
[Result "0-1"]
[WhiteElo "1851"]
[BlackElo "1562"]
[PlyCount "68"]
[EventDate "2022.08.15"]
[EventType "swiss"]
[EventRounds "7"]
[EventCountry "GBR"]
[SourceTitle "BritBase"]
[Source "John Saunders"]
[SourceDate "2021.06.05"]
[SourceVersion "1"]
[SourceVersionDate "2021.06.05"]
[SourceQuality "1"]
[WhiteTeam "England"]
[BlackTeam "England"]
[WhiteTeamCountry "ENG"]
[BlackTeamCountry "ENG"]

1. d4 e6 2. g3 Nf6 3. Nf3 b5 4. Bg2 Bb7 5. O-O c5 6. b3 Be7 7. dxc5 Bxc5 8. Bb2
O-O 9. Nbd2 d6 10. c4 b4 11. Qc2 Nbd7 12. Rad1 Qe7 13. e4 Rfd8 14. Ne1 a5 15.
Nd3 Bb6 16. h3 Nc5 17. Nxc5 Bxc5 18. Kh2 Rac8 19. f4 Ne8 20. Nf3 h6 21. Ne1 d5
22. Qe2 dxe4 23. Rxd8 Rxd8 24. Bxe4 Bxe4 25. Bxg7 Nxg7 26. Qxe4 Rd2+ 27. Ng2
Nf5 28. Rf3 Qf6 29. Rd3 Qa1 30. h4 Qg1+ 31. Kh3 Qh1+ 32. Kg4 Qd1+ 33. Rf3 h5+
34. Kxh5 Nxg3+ 0-1

[Event "GBR-ch108 Senior 65+"]
[Site "Torquay"]
[Date "2022.08.16"]
[Round "2.29"]
[White "Collins, Peter M"]
[Black "Jerome, Stellio"]
[Result "1/2-1/2"]
[WhiteElo "1831"]
[BlackElo "1441"]
[PlyCount "56"]
[EventDate "2022.08.15"]
[EventType "swiss"]
[EventRounds "7"]
[EventCountry "GBR"]
[SourceTitle "BritBase"]
[Source "John Saunders"]
[SourceDate "2021.06.05"]
[SourceVersion "1"]
[SourceVersionDate "2021.06.05"]
[SourceQuality "1"]
[WhiteTeam "England"]
[BlackTeam "England"]
[WhiteTeamCountry "ENG"]
[BlackTeamCountry "ENG"]

1. b3 e5 2. Bb2 d6 3. g3 c5 4. Bg2 Nc6 5. d3 Be6 6. e4 Nf6 7. Nf3 h6 8. O-O Qd7
9. Nbd2 Be7 10. Nc4 g5 11. Ne3 Bh3 12. Kh1 Bxg2+ 13. Kxg2 O-O-O 14. Nf5 Bf8 15.
Qd2 Ne7 16. Nxe7+ Bxe7 17. a3 Ne8 18. c4 g4 19. Ng1 h5 20. f4 gxf3+ 21. Rxf3
Nf6 22. Raf1 Qe6 23. h3 Rdf8 24. Bc1 Nh7 25. Qf2 f6 26. Rf5 Rfg8 27. Rxh5 Qf7
28. Qf5+ Kc7 1/2-1/2

[Event "GBR-ch108 Senior 65+"]
[Site "Torquay"]
[Date "2022.08.16"]
[Round "2.30"]
[White "Chadwick, Susan E"]
[Black "Smith, David"]
[Result "0-1"]
[WhiteElo "1427"]
[BlackElo "1831"]
[PlyCount "72"]
[EventDate "2022.08.15"]
[EventType "swiss"]
[EventRounds "7"]
[EventCountry "GBR"]
[SourceTitle "BritBase"]
[Source "John Saunders"]
[SourceDate "2021.06.05"]
[SourceVersion "1"]
[SourceVersionDate "2021.06.05"]
[SourceQuality "1"]
[WhiteTeam "England"]
[BlackTeam "England"]
[WhiteTeamCountry "ENG"]
[BlackTeamCountry "ENG"]

1. d4 Nf6 2. c4 e6 3. Nc3 c5 4. d5 exd5 5. cxd5 d6 6. Nf3 g6 7. g3 Bg7 8. Bg2
O-O 9. O-O a6 10. a4 Re8 11. Re1 Nbd7 12. e4 Qc7 13. Qc2 Rb8 14. Bf4 Nh5 15.
Be3 Ndf6 16. Nd2 Ng4 17. Nf3 Nxe3 18. Rxe3 b5 19. axb5 axb5 20. Ne2 Bh6 21.
Rea3 Nf6 22. Nfd4 Rb7 23. Nc6 Bd7 24. Ra6 Rb6 25. Ra7 Rb7 26. Rxb7 Qxb7 27. Na5
Qb6 28. b4 Rc8 29. bxc5 Rxc5 30. Qa2 Qc7 31. Nb3 Rc2 32. Rc1 Bxc1 33. Qa8+ Kg7
34. Nexc1 Rxc1+ 35. Nxc1 Qxc1+ 36. Bf1 Bh3 0-1

[Event "GBR-ch108 Senior 65+"]
[Site "Torquay"]
[Date "2022.08.17"]
[Round "3.1"]
[White "Hewson, Brian W R"]
[Black "Nunn, John D M"]
[Result "0-1"]
[WhiteElo "2026"]
[BlackElo "2577"]
[PlyCount "74"]
[EventDate "2022.08.15"]
[EventType "swiss"]
[EventRounds "7"]
[EventCountry "GBR"]
[SourceTitle "BritBase"]
[Source "John Saunders"]
[SourceDate "2021.06.05"]
[SourceVersion "1"]
[SourceVersionDate "2021.06.05"]
[SourceQuality "1"]
[WhiteTeam "England"]
[BlackTeam "England"]
[WhiteTeamCountry "ENG"]
[BlackTeamCountry "ENG"]

1. Nf3 Nf6 2. g3 g6 3. Bg2 Bg7 4. O-O O-O 5. c4 Nc6 6. d4 d6 7. Nc3 Rb8 8. Bg5
a6 9. Rc1 Bd7 10. d5 Na5 11. b3 c5 12. dxc6 Nxc6 13. Qd2 b5 14. Bh6 bxc4 15.
Bxg7 Kxg7 16. bxc4 Qa5 17. Rfd1 Rfc8 18. Nd5 Qxd2 19. Rxd2 Ne4 20. Rdd1 Nc5 21.
Nd4 Kf8 22. Nxc6 Bxc6 23. Rb1 Bxd5 24. cxd5 Na4 25. Rxb8 Rxb8 26. Rd2 Nc3 27.
Bf1 Rb4 28. Rd3 Nxa2 29. Ra3 Rb2 30. Rxa6 Nc3 31. Ra3 Nxe2+ 32. Kg2 Nd4 33. Bd3
Rd2 34. h4 Kg7 35. Bc4 Nc2 36. Rc3 Nb4 37. Re3 Kf8 0-1

[Event "GBR-ch108 Senior 65+"]
[Site "Torquay"]
[Date "2022.08.17"]
[Round "3.2"]
[White "Chandler, Cliff R"]
[Black "Burnett, Jim"]
[Result "1/2-1/2"]
[WhiteElo "2244"]
[BlackElo "2056"]
[PlyCount "44"]
[EventDate "2022.08.15"]
[EventType "swiss"]
[EventRounds "7"]
[EventCountry "GBR"]
[SourceTitle "BritBase"]
[Source "John Saunders"]
[SourceDate "2021.06.05"]
[SourceVersion "1"]
[SourceVersionDate "2021.06.05"]
[SourceQuality "1"]
[WhiteTeam "England"]
[BlackTeam "England"]
[WhiteTeamCountry "ENG"]
[BlackTeamCountry "ENG"]

1. e4 e6 2. d4 d5 3. exd5 exd5 4. Nf3 Bd6 5. c4 c6 6. Nc3 Ne7 7. Bd3 O-O 8. O-O
h6 9. c5 Bc7 10. Qc2 b6 11. b4 bxc5 12. bxc5 Ba6 13. Ne2 Bxd3 14. Qxd3 Ng6 15.
Ng3 Re8 16. Rb1 Qc8 17. Re1 Rxe1+ 18. Nxe1 Nd7 19. Nf5 Rb8 20. Bd2 Rxb1 21.
Qxb1 Nf6 22. f3 Kf8 1/2-1/2

[Event "GBR-ch108 Senior 65+"]
[Site "Torquay"]
[Date "2022.08.17"]
[Round "3.3"]
[White "Norman, Kenneth I"]
[Black "Myall, Ivan J"]
[Result "1/2-1/2"]
[WhiteElo "2117"]
[BlackElo "1983"]
[PlyCount "52"]
[EventDate "2022.08.15"]
[EventType "swiss"]
[EventRounds "7"]
[EventCountry "GBR"]
[SourceTitle "BritBase"]
[Source "John Saunders"]
[SourceDate "2021.06.05"]
[SourceVersion "1"]
[SourceVersionDate "2021.06.05"]
[SourceQuality "1"]
[WhiteTeam "England"]
[BlackTeam "England"]
[WhiteTeamCountry "ENG"]
[BlackTeamCountry "ENG"]

1. Nf3 d5 2. d4 Nf6 3. g3 Bg4 4. Bg2 c6 5. O-O Bxf3 6. Bxf3 e6 7. Nd2 Bd6 8. e4
dxe4 9. Nxe4 Nxe4 10. Bxe4 Nd7 11. c4 Nf6 12. Bg2 O-O 13. b3 Qe7 14. Bb2 Ba3
15. Qc1 Bxb2 16. Qxb2 Rfd8 17. Rad1 Rd7 18. Rd2 Rad8 19. Rfd1 Qb4 20. a3 Qa5
21. b4 Qb6 22. Qc3 Qc7 23. h3 e5 24. dxe5 Rxd2 25. Rxd2 Rxd2 26. Qxd2 Qxe5
1/2-1/2